| 000 | 01285nam0a22002891 4500 | ||
|---|---|---|---|
| 001 | rc\3741935 | ||
| 005 | 20250610070437.0 | ||
| 021 |
_aRU _b[71-24354] |
||
| 035 | _a(NLR Aleph) 007785085 | ||
| 090 |
_a7611329 _c7611329 |
||
| 100 | _a20130115d1971 |||y0rusy50 ca | ||
| 101 | 0 | _arus | |
| 102 | _aRU | ||
| 105 | _aa z |||a| | ||
| 200 | 1 |
_aИндустриальная свирель _eСтихотворения, поэмы ["Поступь Октября" и "Индустриальная свирель" _fВступ. статья И. Авраменко _gИл.: И.А. Корнилова] |
|
| 210 |
_aЛенинград _cЛениздат _d1971 |
||
| 215 |
_a183 с. _cил. _d16 |
||
| 464 | 0 |
_12001#$aПоступь Октября$eПоэма$aИндустриальная свирель$eПоэма _tИндустриальная свирель |
|
| 700 | 1 |
_7ca _8rus _aСадофьев _bИ. И. _cучастник революц. движения, поэт, переводчик _f1889-1965 _gИлья Иванович _9176938 _3RU\NLR\AUTH\770176989 |
|
| 702 | 1 |
_aАвраменко _bИ. _4080 |
|
| 702 | 1 |
_aКорнилова _bИ.А. _4440 |
|
| 801 | 0 |
_aRU _bNLR _gpsbo |
|
| 801 | 1 |
_aRU _bELAR _2rusmarc |
|
| 852 |
_aNLR _j71-2/642 |
||
| 942 | _cBOOK | ||
| 980 | _aNB | ||